Countries with Royal Families - Statistics

General Stats
  • This quiz has been taken 102 times
  • The average score is 21 of 27
Answer Stats
Hint Answer % Correct
Europe United Kingdom
99%
Europe Sweden
97%
Europe Norway
96%
Europe Spain
93%
Europe Denmark
92%
Europe Netherlands
92%
Europe Belgium
89%
Asia Japan
89%
Asia Saudi Arabia
82%
Europe Monaco
81%
Asia Thailand
81%
Europe Luxembourg
80%
Asia Qatar
79%
Asia Brunei
78%
Asia Jordan
74%
Asia Oman
73%
Asia United Arab Emirates
73%
Asia Bahrain
72%
Asia Bhutan
72%
Europe Liechtenstein
72%
Asia Malaysia
66%
Africa Morocco
66%
Asia Kuwait
65%
Asia Cambodia
63%
Oceania Tonga
62%
Africa Eswatini
57%
Africa Lesotho
54%
No matching quizzes found
Score Distribution
Percent of People with Each Score
Percentile by Number Answered
Your Score History
You have not taken this quiz